Negociaciones economicas internacionales y resolucion de conflictos : (Registro nro. 323070)

Detalles MARC
000 -ENCABEZADO
Número de control [NR] 00998nam a22002297a 4500
005 - FECHA Y HORA DE LA ÚLTIMA TRANSACCIÓN
control field 20230824113756.0
008 - DE LONGITUD FIJA DE DATOS DE ELEMENTOS - INFORMACIÓN GENERAL
Elementos de longitud fija [NR] 230824b ||||| |||| 00| 0 eng d
020 ## - NUMERO INTERNACIONAL NORMALIZADO PARA LIBROS [R]
Número Internacional Normalizado del libro [NR] 9786202127998
040 ## - FUENTE DE CATALOGACION [NR]
Agencia de catalogación original [NR] CO-BoUCM
Quien Cataloga David Moreno
Quien Clasifica David Moreno
041 ## - CODIGO DE IDIOMA [R]
Código de idioma para texto/pista de sonido o título separado [R] Español
100 1# - ASIENTO PRINCIPAL--NOMBRE PERSONAL [NR]
Nombre personal [NR] Flores Cevallos, Carlos Ernesto
ID Autoridad 178568
245 ## - MENCION DE TITULO [NR]
Título [NR] Negociaciones economicas internacionales y resolucion de conflictos :
Parte restante del título [NR] Perspectivas para el siglo XXI /
Mención de responsabilidad, etc. [NR] Carlos Ernesto Flores Cevallos, Karla Lissette Flores Cevallos y Daniel Nicolas Flores Tapia
260 ## - PUBLICACION, DISTRIBUCION, ETC. (PIE DE IMPRENTA) [R]
Lugar de publicación, distribución, etc. [R] London, UK
-- Chisinau, RM
Nombre del editor, distribuidor, etc. [R] Editorial academica española
Fecha de publicación, distribución, etc. [R] 2023
300 ## - DESCRIPCION FISICA [R]
Extensión [R] 142 Paginas
650 17 - ASIENTO SECUNDARIO DE MATERIA - TERMINO TEMATICO [R]
Término temático o nombre geográfico como elemento de entrada [NR] Comercio internacional
9 (RLIN) 11207
650 17 - ASIENTO SECUNDARIO DE MATERIA - TERMINO TEMATICO [R]
Término temático o nombre geográfico como elemento de entrada [NR] Cooperación económica internacional
9 (RLIN) 11958
650 17 - ASIENTO SECUNDARIO DE MATERIA - TERMINO TEMATICO [R]
Término temático o nombre geográfico como elemento de entrada [NR] Resolución de conflictos económicos
9 (RLIN) 178569
700 1# - ASIENTO SECUNDARIO - NOMBRE PERSONAL [R]
Nombre personal [NR] Fores Cevallos, Karla Lissette
9 (RLIN) 178570
700 1# - ASIENTO SECUNDARIO - NOMBRE PERSONAL [R]
Nombre personal [NR] Fores Tapia, Daniel Nicolas
9 (RLIN) 178571
942 ## - ELEMENTOS DE ENTRADA AGREGADOS (KOHA)
Sistema de clasificación DEWEY
Tema principal Ciencia política
Tipo de ítem principal el descrito en 300a Libro
Edición 1
Clasificación 337.1
Parte restante de la signatura top. F634n
Título oculto en OPAC No
Existencias
Signatura topográfica Código de barras Última vez visto Ejemplar Costo de reposición Price effective from Tipo de ítem Perdido Sistema de clasificación Dañado No prestable Tipo de ítem específico Suprimido Ubicación habitual Ubicación actual Localización Fecha de creación Forma de adquisición Costo
337.1 F634n 100171819 04/12/2025 Ej.1 326016.00 24/08/2023 Libro   DEWEY     Libro   Claustro Claustro Mezanine 24/08/2023 Compra 326016.00